[Event "VII Open Primavera Vomero"]
[Site "Napoli ITA"]
[Date "2010.04.01"]
[Round "3"]
[White "Gallo, Thomas Renato"]
[Black "Zinnai, Graziano Matteo"]
[Result "0-1"]
[WhiteElo "1889"]
[BlackElo "1662"]
[PlyCount "108"]
[EventDate "2010.03.18"]

1. d4 Nf6 2. c4 e5 3. e3 exd4 4. exd4 Bb4+ 5. Bd2 Bxd2+ 6. Nxd2 O-O 7. Ngf3 d5
8. c5 Bf5 9. Be2 Nc6 10. a3 a6 11. O-O Ne4 12. Re1 Qf6 13. Nf1 Rfe8 14. Ne3
Rad8 15. Rc1 Ne7 16. Qb3 Bc8 17. Bd3 c6 18. Qc2 Ng6 19. Nf1 Re7 20. Ng3 Bg4 21.
Nxe4 dxe4 22. Bxe4 Bxf3 23. Bxg6 Rxe1+ 24. Rxe1 hxg6 25. gxf3 Qxf3 26. Qe4 Qxe4
27. Rxe4 Kf8 28. Kf1 f5 29. Rf4 Kf7 30. Ke2 Kf6 31. Kd3 g5 32. Rf3 Rh8 33. h3
f4 34. Kc4 Rd8 35. b4 Kf5 36. a4 Rd7 37. Rd3 Rd5 38. b5 g4 39. bxc6 bxc6 40.
hxg4+ Kxg4 41. Kb4 Kf5 42. f3 g5 43. Ka5 g4 44. fxg4+ Kxg4 45. Kb6 f3 46. Kxc6
f2 47. Rd1 Rf5 48. Rf1 Kg3 49. Kb6 Rd5 50. c6 Rxd4 51. Kb7 Rxa4 52. Rc1 Rc4 53.
Ra1 Kg2 54. c7 f1=Q 0-1

[Event "VII Open Primavera Vomero"]
[Site "Napoli ITA"]
[Date "2010.04.01"]
[Round "3"]
[White "Iannotta, Francesco"]
[Black "Piscopia, Carmela"]
[Result "1-0"]
[WhiteElo "1694"]
[BlackElo "1403"]
[PlyCount "59"]
[EventDate "2010.03.18"]

1. Nf3 c5 2. g3 g6 3. Bg2 Bg7 4. O-O Nc6 5. d3 d5 6. Nbd2 Nf6 7. e4 O-O 8. Re1
e5 9. c3 Be6 10. Nb3 Nd7 11. Qc2 d4 12. c4 Nb4 13. Qe2 Qc7 14. a3 Nc6 15. Nh4
f5 16. f4 Nf6 17. Nxc5 Bc8 18. Nf3 Na5 19. b4 b6 20. bxa5 bxc5 21. Nxe5 Re8 22.
exf5 Rb8 23. fxg6 hxg6 24. Qf2 Bb7 25. Nxg6 Rxe1+ 26. Qxe1 Bxg2 27. Kxg2 Qc6+
28. Kg1 Qd7 29. Qf1 Qe6 30. Bd2 1-0

[Event "VII Open Primavera Vomero"]
[Site "Napoli ITA"]
[Date "2010.04.01"]
[Round "3"]
[White "Lerro, Luca"]
[Black "Esposito, Rosario"]
[Result "1/2-1/2"]
[WhiteElo "1479"]
[BlackElo "1847"]
[PlyCount "39"]
[EventDate "2010.03.18"]

1. e4 c5 2. Nf3 d6 3. c3 d5 4. Be2 dxe4 5. Qa4+ Bd7 6. Qxe4 Nc6 7. d4 Nf6 8.
Qc2 cxd4 9. Nxd4 Nxd4 10. cxd4 Rc8 11. Nc3 e6 12. a3 Bc6 13. O-O Be7 14. Be3
O-O 15. Qd2 a6 16. Rfd1 b5 17. b4 Qc7 18. Bf4 Qb7 19. d5 Nxd5 20. Bf3 1/2-1/2

[Event "VII Open Primavera Vomero"]
[Site "Napoli ITA"]
[Date "2010.04.01"]
[Round "3"]
[White "Sciaudone, Francesco"]
[Black "Sorrentino, Michele"]
[Result "1/2-1/2"]
[WhiteElo "1575"]
[BlackElo "2013"]
[PlyCount "47"]
[EventDate "2010.03.18"]

1. e4 d6 2. Nf3 e5 3. d4 Nd7 4. Bc4 h6 5. Nc3 Ngf6 6. O-O Be7 7. Re1 c6 8. a4
O-O 9. Be3 Qc7 10. Qd2 Ng4 11. h3 Nxe3 12. Qxe3 Bf6 13. dxe5 dxe5 14. Rad1 b6
15. b4 a6 16. b5 cxb5 17. Bd5 Rb8 18. axb5 a5 19. Bc6 Nc5 20. Nd5 Qd8 21. Nb4
Qe7 22. Nd5 Qd8 23. Nb4 Bd7 24. Na6 1/2-1/2

[Event "VII Open Primavera Vomero"]
[Site "Napoli ITA"]
[Date "2010.04.01"]
[Round "3"]
[White "Seletsky, Grigory"]
[Black "Fezza, Davide"]
[Result "1-0"]
[WhiteElo "2334"]
[BlackElo "2064"]
[PlyCount "63"]
[EventDate "2010.03.18"]

1. e4 c5 2. Nf3 e6 3. Nc3 a6 4. d4 cxd4 5. Nxd4 Qc7 6. Bd3 Bc5 7. Nb3 Be7 8. f4
d6 9. Qe2 Nc6 10. Be3 Nf6 11. O-O-O b5 12. g4 Nb4 13. Kb1 Bb7 14. a3 Nxd3 15.
cxd3 Rc8 16. Rc1 Qb8 17. f5 Ba8 18. fxe6 fxe6 19. Nd4 Rxc3 20. bxc3 Nxe4 21.
dxe4 Bxe4+ 22. Kb2 Bxh1 23. Rxh1 Qb7 24. Re1 Qd5 25. Nxe6 Qxe6 26. Bg5 Qxe2+
27. Rxe2 O-O 28. Bxe7 Re8 29. Re3 Kf7 30. Bg5 Rc8 31. Re7+ Kg6 32. Be3 1-0

[Event "VII Open Primavera Vomero"]
[Site "Napoli ITA"]
[Date "2010.04.08"]
[Round "4"]
[White "Basso, Lorenzo"]
[Black "Pinto, Gaetano"]
[Result "1/2-1/2"]
[WhiteElo "1899"]
[BlackElo "2046"]
[PlyCount "94"]
[EventDate "2010.03.18"]

1. d4 d6 2. Bg5 Nd7 3. Nf3 Ngf6 4. e3 c6 5. Nbd2 Qc7 6. Bd3 e5 7. c3 Be7 8. Qc2
b6 9. a4 a6 10. Bh4 Bb7 11. Bg3 b5 12. c4 b4 13. c5 Nh5 14. cxd6 Bxd6 15. dxe5
Nxe5 16. Bxe5 Bxe5 17. Bxh7 Nf6 18. Bf5 Bd6 19. O-O-O c5 20. Nc4 Be7 21. e4 g6
22. e5 Bxf3 23. gxf3 gxf5 24. exf6 Qf4+ 25. Kb1 Bxf6 26. Nd6+ Kf8 27. Qxc5 Be7
28. Qc6 Rd8 29. Nc8 Rxd1+ 30. Rxd1 Rh6 31. Qa8 Bg5 32. Nd6+ Kg7 33. Qd5 Re6 34.
Nxf5+ Kh7 35. Qd3 Rf6 36. Ne7+ Kg7 37. Nd5 Qxh2 38. Nxf6 Bxf6 39. Qf1 Qe5 40.
Rd2 b3 41. Qe2 Qa5 42. Rd6 Qxa4 43. Qxa6 Qf4 44. Qd3 Qe5 45. Qd2 Qf5+ 46. Qd3
Qe5 47. Qd2 Qf5+ 1/2-1/2

[Event "VII Open Primavera Vomero"]
[Site "Napoli ITA"]
[Date "2010.04.08"]
[Round "4"]
[White "Borrelli, Salvatore"]
[Black "Iannotta, Francesco"]
[Result "1-0"]
[WhiteElo "1967"]
[BlackElo "1694"]
[PlyCount "31"]
[EventDate "2010.03.18"]

1. Nf3 Nf6 2. d4 g6 3. Nc3 Bg7 4. e4 d6 5. Be3 O-O 6. Qd2 Nbd7 7. Bh6 e5 8.
Bxg7 Kxg7 9. O-O-O c6 10. dxe5 dxe5 11. Nxe5 Re8 12. Nxd7 Bxd7 13. f4 Qa5 14.
e5 Nd5 15. Nxd5 cxd5 16. Qxa5 1-0

[Event "VII Open Primavera Vomero"]
[Site "Napoli ITA"]
[Date "2010.04.08"]
[Round "4"]
[White "Colli, Roberto"]
[Black "Accardo, Francesco"]
[Result "1/2-1/2"]
[WhiteElo "1461"]
[BlackElo "1872"]
[PlyCount "90"]
[EventDate "2010.03.18"]

1. d4 b5 2. e4 Bb7 3. Bd3 e6 4. Nf3 Be7 5. Nbd2 a6 6. O-O d6 7. a4 b4 8. Qe2
Nd7 9. Nb3 a5 10. Be3 g5 11. c4 g4 12. Nfd2 e5 13. Qxg4 h5 14. Qe2 Ngf6 15. f3
h4 16. d5 Nh5 17. Rf2 Bg5 18. c5 Bc8 19. cxd6 cxd6 20. Bb5 Kf8 21. Nc4 Qf6 22.
Bxd7 Bxd7 23. Nbxa5 Qh6 24. Bxg5 Qxg5 25. Nb6 Rxa5 26. Nxd7+ Ke7 27. Nb6 Nf4
28. Qd2 Rb8 29. Nc4 Rc5 30. b3 Rg8 31. Kf1 Rgc8 32. a5 f5 33. a6 Qg8 34. a7
fxe4 35. fxe4 h3 36. a8=Q Rxa8 37. Rxa8 hxg2+ 38. Rxg2 Qxa8 39. Rg3 Qa1+ 40.
Kf2 Qh1 41. Ke3 Rxd5 42. exd5 Nxd5+ 43. Kd3 e4+ 44. Kd4 Nf6 45. Qxb4 Qa1+
1/2-1/2

[Event "VII Open Primavera Vomero"]
[Site "Napoli ITA"]
[Date "2010.04.08"]
[Round "4"]
[White "De Fazio, Giovanni"]
[Black "Ficco, Corrado"]
[Result "0-1"]
[WhiteElo "1762"]
[BlackElo "2156"]
[PlyCount "58"]
[EventDate "2010.03.18"]

1. e4 c5 2. c3 e6 3. d4 d5 4. exd5 exd5 5. Nf3 Nf6 6. Be2 Be7 7. O-O O-O 8. Re1
Nc6 9. Be3 c4 10. b4 cxb3 11. axb3 Bf5 12. Nh4 Bxb1 13. Qxb1 Ne4 14. Nf5 Nxc3
15. Nxe7+ Qxe7 16. Qf5 Nxe2+ 17. Rxe2 Qe6 18. Qd3 Rfe8 19. Rae1 Qd7 20. h4 Re4
21. h5 Rae8 22. f3 R4e6 23. g4 f6 24. Qf5 R6e7 25. Qd3 Nb4 26. Qd2 Qb5 27. Rd1
a5 28. Kf2 Rc7 29. Kg3 Rc2 0-1

[Event "VII Open Primavera Vomero"]
[Site "Napoli ITA"]
[Date "2010.04.08"]
[Round "4"]
[White "Donadio, Andrea"]
[Black "Sciaudone, Francesco"]
[Result "1/2-1/2"]
[WhiteElo "1697"]
[BlackElo "1575"]
[PlyCount "92"]
[EventDate "2010.03.18"]

1. c4 e5 2. Nc3 Nf6 3. g3 Bc5 4. e3 Nc6 5. Bg2 O-O 6. Nge2 Re8 7. O-O d6 8. d4
exd4 9. exd4 Bb6 10. Bg5 h6 11. Bxf6 Qxf6 12. Nd5 Qd8 13. Nxb6 axb6 14. Nf4 Bd7
15. a3 Qc8 16. h4 Bf5 17. b4 Ne7 18. Qf3 c6 19. a4 Ng6 20. Nxg6 Bxg6 21. Qb3
Bf5 22. Rfe1 Rxe1+ 23. Rxe1 Qd7 24. b5 Re8 25. Rxe8+ Qxe8 26. Qe3 Bd7 27. Qxe8+
Bxe8 28. Bh3 c5 29. dxc5 dxc5 30. Bc8 Kf8 31. f4 Ke7 32. Kf2 Kd6 33. Bxb7 Bd7
34. Bd5 f6 35. Bf3 Bf5 36. Bd1 Bd3 37. Bb3 Ke6 38. g4 g5 39. fxg5 fxg5 40. hxg5
hxg5 41. Ke3 Bf1 42. Kf3 Bd3 43. Ke3 Bf1 44. Kf2 Bd3 45. Ke1 Ke5 46. Kd2 Be4
1/2-1/2

[Event "VII Open Primavera Vomero"]
[Site "Napoli ITA"]
[Date "2010.04.08"]
[Round "4"]
[White "Esposito, Rosario"]
[Black "Romanelli, Andrea"]
[Result "0-1"]
[WhiteElo "1847"]
[BlackElo "1500"]
[PlyCount "86"]
[EventDate "2010.03.18"]

1. d4 d5 2. c4 Nc6 3. Nf3 Bg4 4. e3 Nf6 5. cxd5 Bxf3 6. Qxf3 Nxd5 7. a3 e6 8.
Bb5 Qd7 9. O-O Be7 10. e4 Nb6 11. Be3 O-O 12. d5 exd5 13. Bxb6 dxe4 14. Qxe4
cxb6 15. Nc3 Rfe8 16. Rad1 Qc8 17. Rfe1 Bf6 18. Qd5 Qc7 19. Ne4 Bxb2 20. Nd6
Red8 21. Qe4 Bxa3 22. Nxf7 Rxd1 23. Rxd1 Qe7 24. Qf4 Qf6 25. Qxf6 gxf6 26. Bc4
Kf8 27. Rd7 Re8 28. g3 Re7 29. Rd3 Bc5 30. Nh6 Re5 31. Rf3 Be7 32. Ng4 Re4 33.
Nxf6 Rxc4 34. Nd5+ Ke8 35. Nc7+ Kd7 36. Nd5 Rd4 37. Ne3 a5 38. Nc2 Rd6 39. Rb3
Ne5 40. Kg2 Kc6 41. Ne3 Rd3 42. Rb1 a4 43. Nf5 Bc5 0-1

[Event "VII Open Primavera Vomero"]
[Site "Napoli ITA"]
[Date "2010.04.08"]
[Round "4"]
[White "Fezza, Davide"]
[Black "Angelotti, Mario"]
[Result "1-0"]
[WhiteElo "2064"]
[BlackElo "1527"]
[PlyCount "69"]
[EventDate "2010.03.18"]

1. e4 d6 2. d4 Nf6 3. Nc3 g6 4. f4 c5 5. dxc5 dxc5 6. Qxd8+ Kxd8 7. Be3 e6 8.
Nf3 Ng4 9. Bg1 Bd7 10. O-O-O Kc7 11. h3 Nh6 12. e5 Be7 13. Bd3 a6 14. g4 Bc6
15. Be4 b5 16. Rh2 b4 17. Bxc6 Nxc6 18. Na4 f5 19. exf6 Bxf6 20. g5 Bd4 21.
Bxd4 Nxd4 22. Nxd4 cxd4 23. gxh6 Rad8 24. Nc5 Rhe8 25. Nxa6+ Kb6 26. Nxb4 Kb5
27. a3 Kc4 28. Re2 Rb8 29. Re5 Rxb4 30. axb4 Ra8 31. b3+ Kc3 32. Rd3+ Kxb4 33.
Kb2 Rd8 34. Rxd4+ Rxd4 35. c3# 1-0

[Event "VII Open Primavera Vomero"]
[Site "Napoli ITA"]
[Date "2010.04.08"]
[Round "4"]
[White "Khosravani, Afshin"]
[Black "Di Gennaro, Antonio"]
[Result "1/2-1/2"]
[WhiteElo "1464"]
[BlackElo "1676"]
[PlyCount "40"]
[EventDate "2010.03.18"]

1. f4 g6 2. Nf3 d5 3. e3 Bg7 4. Be2 Nh6 5. Nc3 c6 6. O-O O-O 7. Rb1 Nf5 8. Qe1
Nd6 9. b3 Nd7 10. Bb2 Nf6 11. Ne5 Nfe4 12. Nd1 f6 13. Ng4 h5 14. Ngf2 Nxf2 15.
Nxf2 e5 16. fxe5 fxe5 17. g4 h4 18. Nd3 Nf7 19. h3 g5 20. Qf2 Qe7 1/2-1/2

[Event "VII Open Primavera Vomero"]
[Site "Napoli ITA"]
[Date "2010.04.08"]
[Round "4"]
[White "Piscopia, Carmela"]
[Black "Lerro, Luca"]
[Result "1/2-1/2"]
[WhiteElo "1403"]
[BlackElo "1479"]
[PlyCount "62"]
[EventDate "2010.03.18"]

1. e4 e5 2. Nf3 Nc6 3. d4 exd4 4. Bc4 h6 5. c3 dxc3 6. Qd5 Qe7 7. Nxc3 Nf6 8.
Qd3 d6 9. O-O Be6 10. Nd5 Bxd5 11. Bxd5 Nb4 12. Qb5+ c6 13. Bxf7+ Qxf7 14. Qxb4
d5 15. Qa4 Bc5 16. Ne5 Qh5 17. Bf4 Ng4 18. Nxg4 Qxg4 19. g3 O-O 20. Be3 Bxe3
21. fxe3 Qe2 22. Qb3 Kh8 23. exd5 cxd5 24. Qa3 Rfe8 25. Rf7 Rac8 26. Raf1 Qd2
27. Rf8+ Rxf8 28. Rxf8+ Rxf8 29. Qxf8+ Kh7 30. Qf5+ Kg8 31. Qc8+ Kh7 1/2-1/2

[Event "VII Open Primavera Vomero"]
[Site "Napoli ITA"]
[Date "2010.04.08"]
[Round "4"]
[White "Rosato, Luciano"]
[Black "Seletsky, Grigory"]
[Result "1-0"]
[WhiteElo "2260"]
[BlackElo "2334"]
[PlyCount "57"]
[EventDate "2010.03.18"]

1. d4 Nf6 2. c4 g6 3. Nc3 Bg7 4. e4 d6 5. Nf3 Bg4 6. Be3 Nfd7 7. Be2 O-O 8. h3
Bxf3 9. Bxf3 Nc6 10. h4 e5 11. d5 Nd4 12. h5 c5 13. Qd2 f5 14. Bg5 Nf6 15. hxg6
hxg6 16. exf5 e4 17. Be2 gxf5 18. Bh5 Qa5 19. Bg6 Ng4 20. O-O-O Ne5 21. Bh7+
Kf7 22. Qf4 Ke8 23. Bh6 Nd3+ 24. Rxd3 Be5 25. Qe3 Kd7 26. Rdd1 b5 27. Bxf8 b4
28. Bxf5+ Kc7 29. Rxd4 1-0

[Event "VII Open Primavera Vomero"]
[Site "Napoli ITA"]
[Date "2010.04.08"]
[Round "4"]
[White "Sorrentino, Michele"]
[Black "Gallo, Thomas Renato"]
[Result "0-1"]
[WhiteElo "2013"]
[BlackElo "1889"]
[PlyCount "124"]
[EventDate "2010.03.18"]

1. Nf3 d5 2. d4 g6 3. Bf4 Nd7 4. Nbd2 Bg7 5. e3 Ngf6 6. Bd3 c5 7. c3 O-O 8. O-O
Nh5 9. Bg5 Re8 10. e4 cxd4 11. cxd4 h6 12. Be3 dxe4 13. Nxe4 Nhf6 14. Qb3 Nxe4
15. Bxe4 Nf6 16. Bd3 e6 17. Ne5 a6 18. Rac1 b6 19. Rc2 Qd5 20. Qb4 Bb7 21. f3
Bf8 22. Qd2 Rac8 23. Rxc8 Rxc8 24. Kh1 Rc7 25. a3 g5 26. Bb1 Nd7 27. Qd3 f5 28.
Nxd7 Qxd7 29. Ba2 Bd5 30. Bb1 Bb7 31. Rd1 Qd5 32. Qd2 Bg7 33. b4 Qd6 34. Ba2
Bd5 35. Bxd5 Qxd5 36. f4 g4 37. Kg1 Qe4 38. Rc1 Rxc1+ 39. Qxc1 Bxd4 40. Qc8+
Kh7 41. Qd7+ Bg7 42. Qd2 Qb1+ 43. Kf2 Qb2 44. Ke2 Qxd2+ 45. Bxd2 Bb2 46. Kd3 e5
47. fxe5 Bxe5 48. h3 h5 49. Bc1 Kg6 50. hxg4 hxg4 51. Bd2 Kh5 52. Bc1 Kh4 53.
Ke2 Kg3 54. Kf1 f4 55. Bd2 Bb2 56. Kg1 f3 57. Be1+ Kf4 58. Bd2+ Ke4 59. g3 Bxa3
60. Kf2 Kd3 61. Be1 Bb2 62. Kg1 Bc3 0-1

[Event "VII Open Primavera Vomero"]
[Site "Napoli ITA"]
[Date "2010.04.08"]
[Round "4"]
[White "Sparice, Lorenzo"]
[Black "De Meo, Guido"]
[Result "0-1"]
[WhiteElo "1452"]
[BlackElo "1853"]
[PlyCount "87"]
[EventDate "2010.03.18"]

1. d4 d5 2. c4 c6 3. e3 Nf6 4. Nf3 Bg4 5. Bd3 Nbd7 6. O-O e5 7. Be2 Bxf3 8.
Bxf3 e4 9. Be2 Bd6 10. f4 O-O 11. c5 Bc7 12. a4 b6 13. b4 Kh8 14. Bd2 Rg8 15.
Be1 g5 16. Bg3 g4 17. Bh4 h5 18. Nc3 bxc5 19. dxc5 Qf8 20. g3 Qg7 21. Qd2 Nf8
22. Qd4 Bd8 23. b5 Ne6 24. Qd1 Ne8 25. Bxd8 Qxc3 26. Rc1 Qxe3+ 27. Kh1 Rxd8 28.
bxc6 N8c7 29. Rc2 Qd4 30. Rd2 Qxc5 31. f5 Ng5 32. Qa1+ Kh7 33. Rc1 Qd6 34. Qd4
a6 35. f6 Nf3 36. Bxf3 gxf3 37. Rcd1 Rg6 38. Qxe4 Qxf6 39. Rxd5 Rxd5 40. Rf1 f2
41. Qe2 Rf5 42. Kg2 Qxc6+ 43. Kh3 Qe6 44. Kg2 0-1

[Event "VII Open Primavera Vomero"]
[Site "Napoli ITA"]
[Date "2010.04.08"]
[Round "4"]
[White "Symonovych, Volodymyr"]
[Black "Guardascione, Federico G."]
[Result "1/2-1/2"]
[WhiteElo "1536"]
[BlackElo "1536"]
[PlyCount "98"]
[EventDate "2010.03.18"]

1. d4 Nf6 2. c4 d6 3. Nc3 Nbd7 4. g3 e5 5. e3 Be7 6. Nge2 c6 7. Bg2 O-O 8. O-O
Qc7 9. Qc2 a6 10. a4 a5 11. Bd2 Nb6 12. b3 Be6 13. f4 exd4 14. exd4 d5 15. cxd5
Bxd5 16. Nxd5 Nbxd5 17. Kh1 Rfe8 18. Nc3 Qb6 19. Nxd5 Nxd5 20. Bxd5 cxd5 21.
Bc3 Bf6 22. Rfe1 Bxd4 23. Bxd4 Qxd4 24. Rxe8+ Rxe8 25. Rd1 Qe3 26. Qg2 Qxb3 27.
Qxd5 Qxa4 28. Rd4 Qc6 29. Qxc6 bxc6 30. Rc4 Re6 31. Ra4 g6 32. Rxa5 Kg7 33. f5
Rd6 34. fxg6 hxg6 35. Re5 Kf6 36. Re3 Rd5 37. Kg2 c5 38. Kf2 c4 39. Rc3 Rd4 40.
Re3 Kg5 41. Kf3 Kf5 42. h3 Rd3 43. Rxd3 cxd3 44. Ke3 d2 45. Kxd2 Ke4 46. Ke2 f5
47. h4 f4 48. Kf2 f3 49. g4 Kf4 1/2-1/2

[Event "VII Open Primavera Vomero"]
[Site "Napoli ITA"]
[Date "2010.04.15"]
[Round "5"]
[White "Accardo, Francesco"]
[Black "Donadio, Andrea"]
[Result "0-1"]
[WhiteElo "1872"]
[BlackElo "1697"]
[PlyCount "40"]
[EventDate "2010.03.18"]

1. g4 d5 2. Bg2 c6 3. h3 e5 4. d4 Nd7 5. Nf3 Bd6 6. Bg5 Qb6 7. O-O e4 8. Ne1
Qxb2 9. Nd2 Qxd4 10. c4 Qe5 11. f4 Qd4+ 12. Kh1 h5 13. Nc2 Qc3 14. Rb1 Nc5 15.
e3 hxg4 16. Rb3 Nxb3 17. Nxe4 dxe4 18. Qxd6 f6 19. Rd1 Bf5 20. Kg1 gxh3 0-1

[Event "VII Open Primavera Vomero"]
[Site "Napoli ITA"]
[Date "2010.04.15"]
[Round "5"]
[White "De Meo, Guido"]
[Black "Guardascione, Federico G."]
[Result "0-1"]
[WhiteElo "1853"]
[BlackElo "1536"]
[PlyCount "114"]
[EventDate "2010.03.18"]

1. d4 Nf6 2. c4 d6 3. Nf3 Nbd7 4. Bf4 e6 5. Nc3 Be7 6. g3 h6 7. Bg2 Nh5 8. Bd2
Nhf6 9. O-O e5 10. Qc2 c6 11. Rfd1 Qc7 12. Rac1 O-O 13. Be1 b6 14. dxe5 dxe5
15. Nh4 Re8 16. Nf5 Bb7 17. Nxe7+ Rxe7 18. Rd2 a5 19. Rcd1 Nc5 20. e4 Ne6 21.
Ne2 Nd7 22. a3 a4 23. Rd6 Ndc5 24. Bb4 Nb3 25. Bc3 f6 26. Bh3 Bc8 27. f4 Ned4
28. Nxd4 exd4 29. Bxc8 Rxc8 30. R6xd4 Nxd4 31. Bxd4 Rd8 32. Bc3 Rxd1+ 33. Qxd1
b5 34. Qe2 Rd7 35. cxb5 Qb6+ 36. Kg2 cxb5 37. Qg4 Qb7 38. Kh3 Rf7 39. Qe6 Qd7
40. Qxd7 Rxd7 41. e5 fxe5 42. Bxe5 Kf7 43. Bc3 Kg6 44. Kg2 Kf5 45. Kf3 h5 46.
Ke3 Kg4 47. Kf2 Kh3 48. Kg1 g6 49. Be1 Rd1 50. Kf2 Kxh2 51. Bc3 Rd3 52. Be5 Kh3
53. Ke2 Rxg3 54. Kf2 Rb3 55. Bc3 Kg4 56. Be5 Rf3+ 57. Kg2 Rxf4 0-1

[Event "VII Open Primavera Vomero"]
[Site "Napoli ITA"]
[Date "2010.04.15"]
[Round "5"]
[White "Di Gennaro, Antonio"]
[Black "Piscopia, Carmela"]
[Result "1/2-1/2"]
[WhiteElo "1676"]
[BlackElo "1403"]
[PlyCount "51"]
[EventDate "2010.03.18"]

1. e4 c5 2. Nf3 g6 3. d4 cxd4 4. Nxd4 Nc6 5. c4 Nf6 6. Nc3 Bg7 7. Be3 d6 8. Be2
O-O 9. O-O e5 10. Ndb5 Be6 11. Qxd6 Qxd6 12. Nxd6 Nd4 13. Bd1 b6 14. b4 Rfd8
15. c5 bxc5 16. bxc5 Bf8 17. Bg5 Kg7 18. f4 Bxd6 19. cxd6 Rdc8 20. fxe5 Nd7 21.
Bf6+ Nxf6 22. exf6+ Kf8 23. Ne2 Nxe2+ 24. Bxe2 Rc2 25. Bf3 Rb8 26. Rfd1 1/2-1/2

[Event "VII Open Primavera Vomero"]
[Site "Napoli ITA"]
[Date "2010.04.15"]
[Round "5"]
[White "Ficco, Corrado"]
[Black "Fezza, Davide"]
[Result "1-0"]
[WhiteElo "2156"]
[BlackElo "2064"]
[PlyCount "49"]
[EventDate "2010.03.18"]

1. c4 Nf6 2. g3 g6 3. Bg2 Bg7 4. Nf3 d6 5. d4 O-O 6. Nc3 Nbd7 7. O-O e5 8. e4
exd4 9. Nxd4 Nc5 10. b4 Bg4 11. f3 Ncxe4 12. Nxe4 Nxe4 13. Bb2 Qg5 14. Re1 Nd2
15. fxg4 Nxc4 16. Nf3 Qxg4 17. Bxg7 Kxg7 18. Qd3 Ne5 19. Nxe5 dxe5 20. Qc3 Qd4+
21. Qxd4 exd4 22. Re7 d3 23. Rd1 Rfc8 24. Rd7 c5 25. Bxb7 1-0

[Event "VII Open Primavera Vomero"]
[Site "Napoli ITA"]
[Date "2010.04.15"]
[Round "5"]
[White "Gallo, Thomas Renato"]
[Black "De Fazio, Giovanni"]
[Result "1-0"]
[WhiteElo "1889"]
[BlackElo "1762"]
[PlyCount "107"]
[EventDate "2010.03.18"]

1. d4 d5 2. c4 dxc4 3. e3 Nf6 4. Bxc4 e6 5. Nf3 Be7 6. O-O O-O 7. Nc3 a6 8. a4
b6 9. Qe2 Bb7 10. e4 c6 11. e5 Nd5 12. Nxd5 cxd5 13. Bd3 Nc6 14. Bd2 Re8 15.
Rac1 Qd7 16. Bb1 f5 17. exf6 Bxf6 18. Qd3 g6 19. Rfe1 e5 20. dxe5 Nxe5 21. Nxe5
Rxe5 22. Qb3 b5 23. a5 Kg7 24. Rxe5 Bxe5 25. Re1 Qd6 26. Qh3 Rd8 27. Bh6+ Kh8
28. Bg5 Rd7 29. Bd3 Bc8 30. Qe3 Bg7 31. Qe8+ Qf8 32. Qxf8+ Bxf8 33. Re8 Bb7 34.
Rxf8+ Kg7 35. Re8 Kf7 36. Re1 d4 37. Bd2 Bd5 38. f3 Kf6 39. Rc1 Rd6 40. Bb4 Re6
41. Bd2 Rd6 42. Kf2 Re6 43. h4 Rd6 44. Bg5+ Kg7 45. Rc7+ Kg8 46. Be7 Re6 47.
Bc5 Re3 48. Rc8+ Kf7 49. Rf8+ Ke6 50. Re8+ Kd7 51. Rxe3 dxe3+ 52. Kxe3 Kc6 53.
b4 Kd7 54. Be4 1-0

[Event "VII Open Primavera Vomero"]
[Site "Napoli ITA"]
[Date "2010.04.15"]
[Round "5"]
[White "Iannotta, Francesco"]
[Black "Angelotti, Mario"]
[Result "1-0"]
[WhiteElo "1694"]
[BlackElo "1527"]
[PlyCount "71"]
[EventDate "2010.03.18"]

1. Nf3 c6 2. g3 Nf6 3. Bg2 g6 4. O-O Bg7 5. d3 d6 6. Nbd2 Bd7 7. e4 O-O 8. Re1
e5 9. c3 Qc8 10. Nc4 Qc7 11. d4 exd4 12. cxd4 Re8 13. e5 dxe5 14. dxe5 Nd5 15.
Nd6 Re7 16. Bg5 f6 17. exf6 Rxe1+ 18. Qxe1 Qxd6 19. fxg7 Kxg7 20. Qd2 Be6 21.
Qd4+ Kf8 22. Qh8+ Bg8 23. Bh6+ Ke8 24. Qxg8+ Kd7 25. Bh3+ Kc7 26. Qg7+ Nd7 27.
Qxd7+ Qxd7 28. Bxd7 Kxd7 29. Rd1 Ke6 30. Ng5+ Kf5 31. Nf3 Re8 32. Nd4+ Kg4 33.
Bc1 Nf6 34. Kg2 c5 35. h3+ Kh5 36. g4+ 1-0

[Event "VII Open Primavera Vomero"]
[Site "Napoli ITA"]
[Date "2010.04.15"]
[Round "5"]
[White "Khosravani, Afshin"]
[Black "Colli, Roberto"]
[Result "1/2-1/2"]
[WhiteElo "1464"]
[BlackElo "1461"]
[PlyCount "82"]
[EventDate "2010.03.18"]

1. f4 d5 2. Nf3 Nf6 3. e3 Bg4 4. Be2 Nbd7 5. Nc3 c6 6. b3 Qc7 7. Bb2 Bxf3 8.
Bxf3 e5 9. Qe2 O-O-O 10. g3 Bd6 11. O-O Rde8 12. Qf2 h5 13. Rae1 h4 14. Kg2
hxg3 15. hxg3 exf4 16. exf4 Bc5 17. Rxe8+ Rxe8 18. d4 Bd6 19. Bc1 Qd8 20. Nd1
Ne4 21. Qg1 Re6 22. Ne3 Qf6 23. Qh2 Qxd4 24. Nf5 Qf6 25. Bxe4 Rxe4 26. Nxd6+
Qxd6 27. Kf3 Re6 28. f5 Ne5+ 29. Kg2 Re8 30. Bf4 Qc5 31. Kh1 Qc3 32. Qe2 Kd7
33. Re1 f6 34. Kg2 Kd6 35. Kf1 Qb2 36. a4 Qc3 37. Qh5 Re7 38. Qh8 Qa5 39. Qb8+
Qc7 40. Qxa7 b6 41. Qxc7+ Rxc7 1/2-1/2

[Event "VII Open Primavera Vomero"]
[Site "Napoli ITA"]
[Date "2010.04.15"]
[Round "5"]
[White "Romanelli, Andrea"]
[Black "Sciaudone, Francesco"]
[Result "1-0"]
[WhiteElo "1500"]
[BlackElo "1575"]
[PlyCount "69"]
[EventDate "2010.03.18"]

1. d4 d5 2. c4 Nf6 3. Nc3 Bf5 4. Qb3 Nc6 5. cxd5 Na5 6. Qb5+ c6 7. dxc6 Nxc6 8.
Qxf5 Nxd4 9. Qd3 Qb6 10. e3 Nc6 11. Qb5 Qc7 12. Nf3 a6 13. Qa4 b5 14. Bxb5 Rc8
15. Bxc6+ Qxc6 16. Qxc6+ Rxc6 17. O-O e6 18. Bd2 Be7 19. Rac1 Rb6 20. Na4 Rb8
21. Rc6 O-O 22. Rfc1 Rfd8 23. Nd4 Kf8 24. Rxa6 Rb7 25. Ba5 Re8 26. Rb6 Ra7 27.
b4 Nd5 28. Rb5 Bd6 29. Nc5 Rc8 30. Nd7+ Rxd7 31. Rxc8+ Ke7 32. Rxd5 exd5 33.
Nf5+ Ke6 34. Nxd6 Rxd6 35. b5 1-0

[Event "VII Open Primavera Vomero"]
[Site "Napoli ITA"]
[Date "2010.04.15"]
[Round "5"]
[White "Seletsky, Grigory"]
[Black "Borrelli, Salvatore"]
[Result "1-0"]
[WhiteElo "2334"]
[BlackElo "1967"]
[PlyCount "61"]
[EventDate "2010.03.18"]

1. Nf3 d5 2. d4 Nf6 3. c4 c6 4. Nc3 dxc4 5. a4 Bf5 6. e3 e6 7. Bxc4 Bb4 8. O-O
O-O 9. h3 Nbd7 10. Nh4 Ne4 11. Nxf5 exf5 12. Nxe4 fxe4 13. Bd2 Bxd2 14. Qxd2
Nf6 15. Bb3 Nd5 16. Rac1 Qd6 17. Bxd5 Qxd5 18. Rc5 Qb3 19. a5 a6 20. Ra1 f5 21.
d5 Rad8 22. Ra3 Rxd5 23. Rxb3 Rxd2 24. Rxb7 f4 25. Rxc6 fxe3 26. fxe3 h6 27.
Rxa6 Rff2 28. Rg6 Rxb2 29. Rgxg7+ Kf8 30. a6 Rfd2 31. a7 1-0

[Event "VII Open Primavera Vomero"]
[Site "Napoli ITA"]
[Date "2010.04.15"]
[Round "5"]
[White "Sorrentino, Michele"]
[Black "Sparice, Lorenzo"]
[Result "1-0"]
[WhiteElo "2013"]
[BlackElo "1452"]
[PlyCount "51"]
[EventDate "2010.03.18"]

1. Nf3 c5 2. e4 e6 3. d3 Nc6 4. c3 d6 5. Be2 a6 6. O-O Nf6 7. Bg5 Be7 8. Nbd2
O-O 9. Qc2 e5 10. Rad1 b5 11. d4 cxd4 12. cxd4 Bb7 13. d5 Nd4 14. Nxd4 Nxd5 15.
Bxe7 Nxe7 16. N4f3 Rc8 17. Qd3 d5 18. Nxe5 dxe4 19. Nxe4 Qxd3 20. Bxd3 Rfd8 21.
Bb1 Rd5 22. Rxd5 Nxd5 23. Nd6 Rc7 24. Nxb7 Rxb7 25. Rd1 Rc7 26. Be4 1-0

[Event "VII Open Primavera Vomero"]
[Site "Napoli ITA"]
[Date "2010.04.15"]
[Round "5"]
[White "Zinnai, Graziano Matteo"]
[Black "Basso, Lorenzo"]
[Result "1-0"]
[WhiteElo "1662"]
[BlackElo "1899"]
[PlyCount "71"]
[EventDate "2010.03.18"]

1. e4 g6 2. d4 Bg7 3. Nf3 c6 4. a4 d5 5. e5 Na6 6. c3 h5 7. Bd3 Nh6 8. O-O c5
9. Bxa6 bxa6 10. dxc5 Bg4 11. Bf4 e6 12. h3 Bxf3 13. Qxf3 g5 14. Bh2 g4 15. Qd3
Qg5 16. Qxa6 O-O 17. Qd3 f5 18. exf6 Rxf6 19. Na3 Rf3 20. gxf3 gxh3+ 21. Bg3 h4
22. f4 Qg4 23. Kh2 Nf5 24. Nb5 Rb8 25. b4 a5 26. Rac1 axb4 27. cxb4 Rxb5 28.
axb5 Nd4 29. Rc3 e5 30. fxe5 Bxe5 31. Ra3 Kf7 32. Qh7+ Bg7 33. Ra7+ Ke6 34.
Re1+ Ne2 35. Rxe2+ Qxe2 36. Qg6+ 1-0